| 000 | 00000nam 2200000zi 4500 |
| 001 | 9.917507 |
| 003 | CaOODSP |
| 005 | 20250107144058 |
| 006 | m o d f |
| 007 | cr ||||||||||| |
| 008 | 221118e202302 oncbd obs f000 0 eng d |
| 020 | |a9780660463353 |
| 040 | |aCaOODSP|beng|erda|cCaOODSP |
| 043 | |an-cn--- |
| 086 | 1 |aH144-112/2022E-PDF |
| 245 | 00|aHealth impacts of air pollution from transportation, industry, and residential sources in Canada : |bestimates of premature mortality and morbidity outcomes at national, provincial, territorial, and air zone levels. |
| 264 | 1|aOttawa, ON : |bHealth Canada = Santé Canada, |cFebruary 2023. |
| 264 | 4|c©2023 |
| 300 | |a1 online resource (122 pages) : |bmaps, graphs |
| 336 | |atext|btxt|2rdacontent |
| 337 | |acomputer|bc|2rdamedia |
| 338 | |aonline resource|bcr|2rdacarrier |
| 500 | |aThe original publication file in PDF format was replaced with an accessible version on 14-02-2024 at the request of Health Canada. |
| 500 | |aIssued also in French under title: Impacts sur la santé de la pollution de l'air au Canada provenant du transport, de l'industrie et de la combustion résidentielle : estimations des décès prématurés et des effets non mortels à l’échelle nationale, provinciale, territoriale et des zones atmosphériques. |
| 504 | |aIncludes bibliographical references (pages 69-72). |
| 520 | |a"This report presents a multi-sector and sector-specific health impact and economic benefits assessment for Canadian exposures to ambient air pollution. The assessment quantifies and compares sector-specific air quality impacts, health impacts, and socio-economic valuations associated with air pollutant releases from a comprehensive list of Canadian sectors representing transportation, industry, and residential source types"--Introduction, page 7. |
| 650 | 0|aAir|xPollution|xHealth aspects|zCanada|vStatistics. |
| 650 | 0|aAir|xPollution|xEconomic aspects|zCanada|vStatistics. |
| 650 | 0|aPollutants|xHealth aspects|zCanada|vStatistics. |
| 650 | 0|aMortality|zCanada|xStatistics. |
| 655 | 7|aStatistics|2lcgft |
| 710 | 1 |aCanada. |bHealth Canada, |eissuing body. |
| 775 | 08|tImpacts sur la santé de la pollution de l'air au Canada provenant du transport, de l'industrie et de la combustion résidentielle : |w(CaOODSP)9.917508 |
| 856 | 40|qPDF|s7.40 MB|uhttps://publications.gc.ca/collections/collection_2023/sc-hc/H144-112-2022-eng.pdf |
| 986 | |a220588 |